|
|
|
|
| LEADER |
00000nam0a2200000 4500 |
| 001 |
113585 |
| 005 |
20231031121900.0 |
| 010 |
|
|
|a 5060029441
|
| 035 |
|
|
|a (RuTPU)RU\TPU\book\122847
|
| 090 |
|
|
|a 113585
|
| 100 |
|
|
|a 20070413d1992 m y0rusy50 ca
|
| 101 |
0 |
|
|a rus
|
| 102 |
|
|
|a RU
|
| 105 |
|
|
|a a z 000ay
|
| 200 |
1 |
|
|a Любовь и корона
|e Исторический роман из времен императрицы Анны Ивановны и регентства принцессы Анны Леопольдовны
|f Е. П. Карнович
|g авт. послесл. А. Н. Медушевский
|
| 210 |
|
|
|a Москва
|c Высшая школа
|d 1992
|
| 215 |
|
|
|a 255 с.
|c ил.
|
| 225 |
1 |
|
|a Библиотека историка
|
| 600 |
|
0 |
|a Анна Ивановна
|f 1693-1740
|c российская императрица из династии Романовых (1730-1740)
|c дочь царя Ивана V, племянница Петра I, герцогиня Курляндская с 1710 г.
|2 stltpush
|3 (RuTPU)RU\TPU\pers\6871
|
| 600 |
|
0 |
|a Анна Леопольдовна
|c правительница России при малолетнем сыне Иване VI (1740-1741)
|f 1718-1746
|2 stltpush
|3 (RuTPU)RU\TPU\pers\11229
|
| 610 |
1 |
|
|a русская литература
|
| 610 |
1 |
|
|a исторические романы
|
| 610 |
1 |
|
|a Россия
|
| 610 |
1 |
|
|a 18 век
|
| 675 |
|
|
|a Р1
|v 3
|
| 700 |
|
1 |
|a Карнович
|b Е. П.
|g Евгений Петрович
|
| 702 |
|
1 |
|a Медушевский
|b А. Н.
|4 075
|
| 801 |
|
1 |
|a RU
|b 63413507
|c 20070413
|g PSBO
|
| 801 |
|
2 |
|a RU
|b 63413507
|c 20070814
|g PSBO
|
| 942 |
|
|
|c BK
|